logo

Bir Sreshtho Munshi Abdur Rouf Library
Jhenaidah Cadet College

বাংলা সাহিত্যে মুসলিম সাধনা / (Record no. 3672)

MARC details
000 -LEADER
fixed length control field 00724nam a2200217 a 4500
001 - CONTROL NUMBER
JCCL Control Number 3672
003 - CONTROL NUMBER IDENTIFIER
JCCL marc code BD-JhCC
005 - DATE AND TIME OF LATEST TRANSACTION
control field 20180328181057.0
008 - FIXED-LENGTH DATA ELEMENTS--GENERAL INFORMATION
fixed length control field 171115s1965 bg ||||| |||| 00| 0 ben d
035 ## - SYSTEM CONTROL NUMBER
system control number (BD-JhCC)3672
040 ## - CATALOGING SOURCE
Original cataloging agency BD-JhCC
Modifying agency BD-JhCC
041 ## - LANGUAGE CODE
Language code of Book ben
082 ## - DEWEY DECIMAL CLASSIFICATION NUMBER
Classification number 891.4409
Author mark and Year UDD 1965
100 ## - MAIN ENTRY--PERSONAL NAME
Personal name উদ্দীন, মুহাম্মদ মনসুর
245 ## - TITLE STATEMENT
Title বাংলা সাহিত্যে মুসলিম সাধনা /
Statement of responsibility, etc মুহাম্মদ মনসুর উদ্দীন.
260 ## - PUBLICATION, DISTRIBUTION, ETC. (IMPRINT)
Place of publication, distribution, etc ঢাকা :
Name of publisher, distributor, etc রতন পাবলিশার্স,
Date of publication, distribution, etc 1965.
300 ## - PHYSICAL DESCRIPTION
Pagination Various Pages
Dimensions 21 cm.
650 ## - SUBJECT ADDED ENTRY--TOPICAL TERM
Topical term or geographic name as entry element Bengali Literature
942 ## - ADDED ENTRY ELEMENTS (KOHA)
Source of classification or shelving scheme Dewey Decimal Classification
Koha item type Books
Holdings
Source of classification or shelving scheme volume number Damaged status Not for loan Home library Current library Shelving location Date of accession Cost, normal purchase price Total Checkouts Full call number Barcode Date last seen Copy number Koha item type
Dewey Decimal Classification V-1     JCC Rouf Library JCC Rouf Library General Stacks 11/15/2017 8.00   891.4409 UDD 1965 4145 11/15/2017 C-1 Books
Dewey Decimal Classification V-2     JCC Rouf Library JCC Rouf Library General Stacks 11/15/2017 5.50   891.4409 UDD 1965 4134 11/15/2017 C-1 Books
Dewey Decimal Classification V-2     JCC Rouf Library JCC Rouf Library General Stacks 03/28/2018 7.00   891.4409 UDD 1965 4139 03/28/2018 C-3 Books

JCC Library | Contacts | JCC Home

Last Update on 23 September 2017
Copyright @ 2017-2020 JCC Rouf Library
Rouf Library, Jhenidah Cadet College (JCC), Bangladesh